000 00787nam a2200193 i 4500
001 155600
003 ES-MaACL
005 20230906210135.0
008 931025s1780 sp |||| | spa d
040 _aCAM
_bspa
_cPAB
110 0 0 _aHospital General de Madrid.
_94606
245 1 0 _aConstituciones y ordenanzas para el gobierno de los Reales Hospitales General y de la Pasion de Madrid
_b: aprobadas por... Carlos III...
260 _aReimpresas en Madrid :
_ben la imprenta de Pantaleon Aznar,
_c1780.
300 _a[6], 26, 102 p. ;
_cFol.
597 _aSign. : ]3, A-Q4.
597 _aPort. con esc. real. xil. y orla tip.
610 0 4 _aHospital de la Pasión (Madrid)
_94594
852 _aES-MaACL
_jR-2998
_z-- Enc. pasta española con hierros dorados
_x-- Olim: T-395-F-6
999 _c155600
_d155600